000 00259nam a2200097Ia 4500
008 190216s9999||||xx |||||||||||||| ||und||
100 _aDr.Praboda Chandran P R
245 0 _aVivarthanathinde Bhasha Shashthra Boomika
260 _bKerala Basha Inst
942 _cBK
999 _c37875
_d37875